000 00599nam a2200193Ia 4500
008 101110s9999 xx 000 0 und d
041 _aENGLISH
082 _bSR7467
100 _aChoudhury A.B.
245 _aAnalysis & Interpretation of Financial Statements Through Financial Ratios
365 _b8
520 _aCommerce
546 _aENGLISH
630 _aAnalysis & Interpretation of Financial Statements Through Financial Ratios
650 _aCommerce
655 _aCommerce
730 _aAnalysis & Interpretation of Financial Statements Through Financial Ratios
942 _cBOOK
999 _c803141
_d803138